| 000 | 00378nam a2200121Ia 4500 | ||
|---|---|---|---|
| 008 | 220214s9999 xx 000 0 und d | ||
| 100 |
_a _Heffernan Olive |
||
| 245 | 0 | _aWorld climate services framework agreed | |
| 260 |
_bNature (online doi:1038/1461159a) _c2009 |
||
| 300 | _a159 | ||
| 520 | _aArticles bound received from Dr. James Jacob, Director(R), March 2010 | ||
| 942 | _cRE | ||
| 999 |
_c45400 _d45400 |
||